| 000 | 00884nam a2200265Ia 4500 | ||
|---|---|---|---|
| 003 | OSt | ||
| 005 | 20221005105604.0 | ||
| 006 | a|||||r|||| 00| 0 | ||
| 007 | ta | ||
| 008 | 221004b |||||||| |||| 00| 0 hin d | ||
| 020 |
_a9789383447220 (hbk) _c800 |
||
| 024 | _a20084 | ||
| 037 |
_b120, 21/03/2015, Mallika Books _cTextual |
||
| 040 |
_aCRL _cCRL _bhin |
||
| 041 |
_2hin _ahin |
||
| 082 | _aP, 152Q4 | ||
| 100 |
_aडी. एम. दोमडिया _9556443 |
||
| 245 | 0 | _aभाषा विज्ञान | |
| 246 | _aBhāṣhā vijnyāna | ||
| 260 |
_aनई दिल्ली _bरावत प्रकाशन भारत _c2014 |
||
| 300 |
_a224पृ0 _ccm. |
||
| 650 | _aहिन्दी भाषा | ||
| 942 |
_hP, 152Q4 _cTEXL _2cc |
||
| 999 |
_c1016271 _d1016271 |
||